000 01202cam a2200361 a 4500
999 _c4177
_d4177
001 011344830
003 UkOxU
005 20220318095306.0
008 960618s1997 paua b 001 0 eng c
010 _a96028717 //r97
020 _a0397511868
040 _aDNLM/DLC
_cALUPE UNIVERSITY
_dNLM
_dNOH
050 1 0 _aRG201
_b.C57 1997
060 0 0 _a1996 M-694
060 1 0 _aWQ 205
_bC640 1997
082 0 0 _a618.1/78
_220
245 0 0 _aClinical reproductive medicine /
_cedited by Bryan D. Cowan, David B. Seifer.
260 _aPhiladelphia :
_bLippincott-Raven,
_cc1997.
300 _axii, 292 p. :
_bill. ;
_c29 cm.
504 _aIncludes bibliographical references and index.
650 0 _aInfertility, female
_xTreatment.
650 0 _aHuman reproduction
_xEndocrine aspects.
650 0 _aHuman reproductive technology.
650 1 2 _aReproduction
_xphysiology.
650 2 2 _aEndocrine Diseases
_xphysiopathology.
650 2 2 _aInfertility
_xtherapy.
650 2 2 _aReproduction Techniques.
650 2 2 _aReproductive Medicine.
700 1 _aCowan, Bryan D.,
_d1949-
700 1 _aSeifer, David B.,
_d1955-
942 _2lcc
_cBK
_nDO